000 00506nam a2200193Ia 4500
005 20250508151335.0
008 008 250505s9999 xx 000 0 eng d
037 _aTextual
040 _aFEDL
_beng
_cFEDL
041 _aeng
_2eng
084 _a371.1, FES
_qFEDL
100 _aFessenden Seth A
_9757487
245 0 _aTeacher speaks
260 _aNew York, USA
_bPrentice Hall
_c1954
300 _a359p.
650 _aSpeech
942 _cTEXL
_h371.1, FES
999 _c1329168
_d1329168